|
|
|
|
| LEADER |
01943nam a2200337 a 4500 |
| 001 |
3855526 |
| 008 |
091101s1988 cau b 000 0 eng d |
| 010 |
|
|
|a 88014850
|
| 020 |
|
|
|a 0803926537 :
|c $9.95
|
| 040 |
|
|
|a DLC
|c DLC
|d DLC
|
| 082 |
0 |
0 |
|a 361/.0028/5
|2 19
|
| 100 |
1 |
|
|a Bronson, Denise E.
|
| 245 |
1 |
0 |
|a Computerizing your agency's information system /
|c by Denise E. Bronson, Donald C. Pelz, Eileen Trzcinski.
|
| 260 |
|
|
|a Newbury Park, Calif. :
|a New Delhi :
|b Sage Publications,
|c c1988.
|
| 300 |
|
|
|a 148 p. ;
|c 22 cm.
|
| 490 |
1 |
|
|a A Sage human services guide ;
|v 54
|
| 500 |
|
|
|a "Published in cooperation with the University of Michigan School of Social Work."
|
| 504 |
|
|
|a Bibliography: p. 145-146.
|
| 541 |
1 |
|
|e 00007234
|
| 650 |
|
0 |
|a Social service
|z United States
|x Data processing.
|
| 700 |
1 |
|
|a Pelz, Donald Campbell,
|d 1921-
|
| 700 |
1 |
|
|a Trzcinski, Eileen.
|
| 710 |
2 |
|
|a University of Michigan.
|b School of Social Work.
|
| 830 |
|
0 |
|a Sage human services guides ;
|v v. 54.
|
| 852 |
4 |
|
|a Ayesha Abed Library
|j General Shelf.
|
| 999 |
|
|
|c 4983
|d 4983
|
| 952 |
|
|
|0 0
|1 0
|2 ddc
|4 0
|6 361_002850000000000_BRO_1988
|7 0
|9 4806
|a BRACUL
|b BRACUL
|c GEN
|d 2009-11-02
|g 0.00
|l 0
|o 361.00285 BRO
|p 3010007233
|r 2009-11-02
|t 1
|w 2009-11-02
|y BK
|x No price found in the accession register.
|
| 952 |
|
|
|0 0
|1 0
|2 ddc
|4 0
|6 361_002850000000000_BRO_1988
|7 0
|9 4807
|a BRACUL
|b BRACUL
|c GEN
|d 2009-11-02
|g 0.00
|l 0
|o 361.00285 BRO
|p 3010007234
|r 2009-11-02
|t 1
|w 2009-11-02
|y BK
|x No price found in the accession register.
|
| 952 |
|
|
|0 0
|1 0
|2 ddc
|4 0
|6 361_002850000000000_BRO_19988
|7 0
|9 14550
|a BRACUL
|b BRACUL
|c GEN
|d 2011-03-05
|l 0
|o 361.00285 BRO
|p 3010007433
|r 2011-03-05
|t 3
|w 2011-03-05
|y BK
|
| 952 |
|
|
|0 0
|1 0
|2 ddc
|4 0
|6 361_002850000000000_BRO
|7 0
|9 43175
|a SCL
|b SCL
|c GEN
|d 1999-01-25
|l 0
|o 361.00285 BRO
|p 3020001356
|r 2014-07-15
|t 4
|w 2014-07-15
|y BK
|
| 952 |
|
|
|0 0
|1 0
|2 ddc
|4 0
|6 361_002850000000000_BRO
|7 0
|9 43184
|a SCL
|b SCL
|c GEN
|d 1999-11-09
|l 0
|o 361.00285 BRO
|p 3020000373
|r 2014-07-15
|t 5
|w 2014-07-15
|y BK
|